[Event "Columbia-BankAm"]
[Site "?"]
[Date "1999.11.04"]
[Round "?"]
[White "Groeger, D"]
[Black "Paraoan, E"]
[Result "1-0"]
[WhiteElo "1720"]
[BlackElo "1721"]
[PlyCount "75"]
[EventDate "1999.??.??"]

1. d4 e6 2. c4 c6 3. Nc3 Ne7 4. e4 d5 5. Nf3 dxe4 6. Nxe4 h6 7. Be2 Ng6 8. O-O
Be7 9. Be3 Nd7 10. Qd2 a5 11. a3 Nf6 12. Nc3 Ng4 13. Rad1 Nxe3 14. fxe3 O-O 15.
e4 Qc7 16. Qc2 Nf4 17. Rfe1 Nxe2+ 18. Rxe2 Ra6 19. e5 Bd7 20. a4 b6 21. b3 f5
22. Qd3 Raa8 23. d5 cxd5 24. cxd5 Qc5+ 25. Kh1 Rac8 26. d6 Bd8 27. Nb5 Bxb5 28.
Qxb5 Qxb5 29. axb5 Rc5 30. Nd4 Kf7 31. Ree1 Bg5 32. g3 h5 33. h4 Bd8 34. Nxf5
exf5 35. e6+ Ke8 36. e7 Rg8 (36... Bxe7 37. Rxe7+ Kd8 38. Rxg7 Rxb5 39. Rd3 f4
40. gxf4 Rxf4 41. Rg8+ (41. d7 $2 41... Rxh4+ 42. Kg1 Rg4+) 41... Kd7 $11) 37.
d7+ Kf7 38. e8=Q+ 1-0

[Event "LeoBurn-BankAm"]
[Site "?"]
[Date "1999.??.??"]
[Round "?"]
[White "Duffy, J"]
[Black "Bargerstock, D"]
[Result "0-1"]
[WhiteElo "1697"]
[BlackElo "1770"]
[PlyCount "58"]
[EventDate "1999.??.??"]

1. d4 Nf6 2. Nf3 b6 3. Bg5 h6 4. Bh4 Bb7 5. Nbd2 d5 6. e3 e6 7. Bd3 Be7 8. c3
O-O 9. Qc2 Ba6 10. Bxa6 Nxa6 11. O-O c5 12. Ne5 Nb8 13. Rac1 Nfd7 14. Bxe7 Qxe7
15. Nxd7 Nxd7 16. Rfe1 Rfc8 17. Qb1 Nf6 18. e4 dxe4 19. dxc5 e3 20. Rxe3 Rxc5
21. Ne4 Rd5 22. Nxf6+ Qxf6 23. Rf3 Qg5 24. Rd1 Rad8 25. Rxd5 Rxd5 26. Kf1 Qe5
27. g3 Rd2 28. Rf4 Qe2+ 29. Kg1 Rd1+ 0-1

[Event "LeoBurn-BankAm"]
[Site "?"]
[Date "1999.??.??"]
[Round "?"]
[White "Bannon, B"]
[Black "Sitar, K"]
[Result "1/2-1/2"]
[WhiteElo "1193"]
[BlackElo "1576"]
[PlyCount "83"]
[EventDate "1999.??.??"]

1. e4 d5 2. exd5 Nf6 3. Nc3 Nxd5 4. Bc4 Nxc3 5. Bxf7+ Kxf7 6. Qf3+ Ke8 7. Qxc3
Qd5 8. Nf3 Qe4+ 9. Qe3 Qxe3+ 10. dxe3 Bf5 11. Nd4 Bd7 12. O-O Nc6 13. a3 Nxd4
14. exd4 Rd8 15. Bf4 Rg8 16. Rac1 c6 17. Rfe1 Bg4 18. f3 Rxd4 19. Be3 Rd7 20.
fxg4 a6 21. Bb6 g6 22. Rcd1 Bg7 23. Rxd7 Kxd7 24. Rd1+ Ke6 25. b4 Rf8 26. Bc5
Bf6 27. Re1+ Kd7 28. Rf1 Bg7 29. Re1 Bf6 30. g3 Rf7 31. h3 g5 32. h4 h6 33. Re3
Kc7 34. Rf3 Bd4+ 35. Kg2 Rxf3 36. Kxf3 Bxc5 37. bxc5 Kd7 38. Ke4 Ke6 39. a4 a5
40. c3 Kf6 41. Kd4 Ke6 42. Ke4 1/2-1/2

[Event "BankAm-LeoBurn"]
[Site "?"]
[Date "1999.??.??"]
[Round "?"]
[White "Zoellner, J"]
[Black "Sawin, B"]
[Result "1-0"]
[WhiteElo "1443"]
[BlackElo "1208"]
[PlyCount "79"]
[EventDate "1999.??.??"]

1. e4 e5 2. Nf3 Nc6 3. Bc4 Nf6 4. d3 d6 5. h3 h6 6. c3 Be7 7. Bb3 Be6 8. Bc2 d5
9. exd5 Qxd5 10. O-O O-O 11. Re1 Rfd8 12. Nbd2 b5 13. a3 Bc5 14. b4 Bb6 15. Nf1
a6 16. Ne3 Qd6 17. Bb2 Nd5 18. d4 Nxe3 19. fxe3 Bd5 20. e4 Bc4 21. a4 Qf6 22.
a5 Ba7 23. Kh1 exd4 24. e5 Qf4 25. Re4 Qf5 26. cxd4 Nxd4 27. Bb1 c5 28. Rg4 Bd3
29. bxc5 Bxc5 30. e6 Qxe6 31. Rxg7+ Kf8 32. Qc1 Bd6 33. Qc3 Bxb1 34. Qxd4 Ke8
35. Rxb1 Qc4 36. Rg8+ Kd7 37. Ne5+ Ke6 38. Nxc4 Bc7 39. Rxd8 Rxd8 40. Re1+ 1-0

[Event "BankAm"]
[Site "?"]
[Date "1999.??.??"]
[Round "?"]
[White "Barnard, G"]
[Black "Sitar, K"]
[Result "1/2-1/2"]
[WhiteElo "1157"]
[BlackElo "1576"]
[PlyCount "73"]
[EventDate "1999.??.??"]

1. d4 d5 2. c4 dxc4 3. Nc3 c6 4. a4 g6 5. e4 Nf6 6. Bxc4 e5 7. Nf3 exd4 8. Qxd4
Qxd4 9. Nxd4 Nbd7 10. Nf3 Bb4 11. O-O Bc5 12. h3 O-O 13. e5 Nh5 14. Re1 Nb6 15.
b3 Nxc4 16. bxc4 Be6 17. Ne4 Bb4 18. Bd2 Bxd2 19. Nfxd2 b6 20. Nd6 c5 21. Rad1
Ng7 22. N2e4 Nf5 23. Ng5 Nd4 24. Nxe6 Nxe6 25. g3 Rab8 26. f4 Nd4 27. Kg2 Rfd8
28. Nb5 Nxb5 29. axb5 Rd4 30. Rxd4 cxd4 31. Rd1 Rd8 32. Kf3 Kf8 33. Ke4 f5+ 34.
exf6 Re8+ 35. Kd5 Rd8+ 36. Ke6 d3 37. Ke5 1/2-1/2

[Event "BankAm-Reader"]
[Site "?"]
[Date "1999.11.17"]
[Round "?"]
[White "Losoff, A"]
[Black "Sullivan, C"]
[Result "1-0"]
[WhiteElo "1854"]
[BlackElo "1543"]
[PlyCount "83"]
[EventDate "1999.??.??"]

1. e4 e6 2. d3 d5 3. Nd2 d4 4. f4 Nc6 5. Ngf3 Bb4 6. g3 Bd7 7. Bg2 Nh6 8. O-O
Ng4 9. Nb3 e5 10. f5 Qe7 11. Nfxd4 Nxd4 12. Qxg4 Nxb3 13. axb3 g6 14. Kh1 O-O-O
15. Rxa7 Kb8 16. Be3 Bc5 17. Rfa1 Bxa7 18. Bxa7+ Kc8 19. Bc5 b6 20. Bxe7 Rde8
21. Bf6 Rhg8 22. Ra8+ Kb7 23. Rxe8 Rxe8 24. Qh4 Ra8 25. h3 h5 26. fxg6 fxg6 27.
Bxe5 Ra1+ 28. Kh2 Rc1 29. Qe7 Bg4 30. Qxc7+ Ka6 31. Qc8+ Bxc8 32. c4 g5 33. h4
gxh4 34. gxh4 Rc2 35. Bc3 Bg4 36. Kg3 Be2 37. d4 Bg4 38. b4 Kb7 39. e5+ Kc7 40.
e6 Re2 41. b5 Kd6 42. Bb4+ 1-0

[Event "BankAm-Reader"]
[Site "?"]
[Date "1999.11.17"]
[Round "?"]
[White "Barnard, G"]
[Black "Marsh, M"]
[Result "0-1"]
[WhiteElo "1157"]
[BlackElo "1123"]
[PlyCount "92"]
[EventDate "1999.??.??"]

1. d4 Nf6 2. c4 e6 3. Nc3 g6 4. Nf3 Bg7 5. Bg5 d6 6. e4 Qd7 7. Qb3 a6 8. Rd1
Qc6 9. d5 exd5 10. cxd5 Qd7 11. h3 O-O 12. Be2 Re8 13. Bxf6 Bxf6 14. O-O Bxc3
15. Qxc3 Rxe4 16. Bd3 Re8 17. Rfe1 Rxe1+ 18. Rxe1 Qd8 19. Nh2 c6 20. Ng4 Bxg4
21. hxg4 cxd5 22. g5 Nc6 23. f4 Qb6+ 24. Kh2 Qd4 25. Qd2 Kf8 26. a3 Re8 27.
Rxe8+ Kxe8 28. g3 Kf8 29. Kg2 Qc5 30. f5 d4 31. f6 Ne5 32. Kh3 Nxd3 33. Qxd3
Qf5+ 34. Qxf5 gxf5 35. Kg2 Ke8 36. Kf2 Kd7 37. Ke2 Ke6 38. Kd3 Ke5 39. b3 f4
40. gxf4+ Kxf4 41. Kxd4 Kxg5 42. Kd5 h5 43. Kxd6 h4 44. Ke7 h3 45. Kxf7 h2 46.
Kg8 Kxf6 0-1

[Event "BankAm-CTA"]
[Site "?"]
[Date "1999.12.09"]
[Round "?"]
[White "Friesema, B"]
[Black "Jones, M"]
[Result "1-0"]
[WhiteElo "2047"]
[BlackElo "1494"]
[PlyCount "103"]
[EventDate "1999.??.??"]

1. e4 e5 2. Nf3 Nc6 3. Bb5 Nf6 4. O-O Be7 5. Re1 O-O 6. Bxc6 bxc6 7. Nxe5 Bb7
8. Nc3 d5 9. d3 dxe4 10. Nxe4 Nxe4 11. Rxe4 c5 12. Re1 f6 13. Nc4 Re8 14. Bf4
Qd5 15. f3 Qd7 16. Bg3 Ba6 17. Ne3 f5 18. Bf2 Bf6 19. Rb1 Rab8 20. b3 Bc3 21.
Re2 f4 22. Nc4 Bxc4 23. Rxe8+ Rxe8 24. dxc4 Qd2 25. Qxd2 Bxd2 26. Bxc5 Be3+ 27.
Bxe3 fxe3 28. Re1 Kf7 29. Kf1 Kf6 30. Ke2 Kf5 31. Rd1 Re7 32. Rd5+ Ke6 33. Rd4
Rd7 34. Rxd7 Kxd7 35. Kxe3 Kd6 36. b4 a5 37. c3 axb4 38. cxb4 g6 39. a4 Kc6 40.
a5 Kb7 41. b5 c5 42. Ke4 h6 43. Kd5 g5 44. g4 Kc7 45. Kxc5 Kb7 46. a6+ Ka7 47.
Kc6 h5 48. b6+ Kxa6 49. b7 Ka5 50. b8=Q Ka4 51. Qb2 hxg4 52. Kc5 1-0

[Event "LBurn-Alumni Aces"]
[Site "?"]
[Date "1999.12.16"]
[Round "?"]
[White "Eaman, R"]
[Black "Rzeszutto, R"]
[Result "0-1"]
[WhiteElo "1669"]
[BlackElo "1900"]
[PlyCount "94"]
[EventDate "1999.??.??"]

1. e4 d5 2. e5 Bf5 3. d4 e6 4. Nf3 c5 5. Bb5+ Nc6 6. c3 a6 7. Ba4 b5 8. Bc2 Bg4
9. h3 Bxf3 10. Qxf3 cxd4 11. O-O Nxe5 12. Qg3 Nc6 13. cxd4 Nxd4 14. Bd1 Rc8 15.
Bf4 Nf6 16. Qd3 Nc6 17. a4 Qb6 18. Nc3 b4 19. Ne2 a5 20. Rc1 Bc5 21. Be3 Bxe3
22. fxe3 O-O 23. Nd4 Nxd4 24. Rxc8 Rxc8 25. exd4 e5 26. Bb3 Qxd4+ 27. Qxd4 exd4
28. Rd1 Kf8 29. Rxd4 Rc5 30. Kf2 Ke7 31. Ke3 Kd6 32. Rf4 Rc1 33. Kd4 Rb1 34.
Rf2 Re1 35. Bc2 Re7 36. g4 h6 37. Bd3 Ne8 38. Rf5 Nc7 39. h4 Ne6+ 40. Ke3 g6
41. Rf6 Ke5 42. Rf1 Nc5 43. Bb5 d4+ 44. Kd2 f5 45. gxf5 gxf5 46. Bd3 Ne4+ 47.
Kd1 Rg7 0-1

[Event "Alumni Aces-LeoBurn"]
[Site "?"]
[Date "1999.12.16"]
[Round "?"]
[White "Sagalovsky, L"]
[Black "Duffy, J"]
[Result "1/2-1/2"]
[WhiteElo "1968"]
[BlackElo "1690"]
[PlyCount "81"]
[EventDate "1999.??.??"]

1. e4 d5 2. exd5 Qxd5 3. Nc3 Qa5 4. Nf3 Nf6 5. Bc4 Bf5 6. O-O e6 7. Re1 7...
Bb4 { } 8. a3 {Black can ignore this as Ra1 is loose.} 8... Bxc3 9. dxc3 c6 10.
Nd4 Be4 11. b4 { } 11... Qd8 (11... Qc7 {
looks to -c5, opening lines against the mess stacked on c-file}) 12. Bg5 Bd5
13. Bxd5 cxd5 14. Qf3 Nbd7 15. c4 { } 15... dxc4 16. Qxb7 O-O 17. Rad1 Qb6 18.
Qf3 Nd5 19. Qg3 { } 19... Rfe8 (19... e5 $2 {
allows Queen at b6 to defend the 6th rank} 20. Nf3 {
attacks e5 and discovers attack to d5}) (19... Kh8 {stops Bh6}) 20. Bh6 g6 21.
Nf3 Rad8 22. Ne5 { } 22... Qc7 23. h4 Nxe5 24. Rxe5 Ne7 25. Rxd8 25... Rxd8 { }
26. Bf4 Qd7 27. Re1 Nf5 28. Qg5 { } 28... Qe7 29. Qg4 h5 30. Qh3 { } 30... Rd5
(30... Qxh4 31. Qxh4 Nxh4 32. Re4 {
White either wins Pawn back or Rooks takes over the d-file.}) (30... Nxh4 31.
Qe3 (31. Re4 Rc8 32. Rd4 Nf5) 31... Nf5 32. Bg5 { } 32... Qd7 (32... Nxe3 $2
33. Bxe7 Nxc2 34. Rc1 Rd2 35. Bg5 Re2 36. Kf1 Nd4 37. Rxc4) 33. Qe2 Rc8 34. Rd1
{White keeps the advantage}) 31. Bg5 Qd7 32. Qc3 Rd1 33. Rxd1 Qxd1+ 34. Kh2 Qd4
35. Qxd4 35... Nxd4 { } 36. c3 Nb5 37. Be3 a6 38. Kg3 { } 38... Nxa3 (38...
Nxc3 {creates passer}) 39. Kf4 f6 40. Ke4 40... Nb5 {
I'm guessing Black flagged. White's Bishop is useless.} 41. Bd2 {
and Black waltzes King into center to win} (41. Bd4 $2 41... e5 42. Bc5 Nxc3+
43. Ke3 Kf7 44. Kd2 Nd5) 1/2-1/2

[Event "LeoBurn-Alumni Aces"]
[Site "?"]
[Date "1999.12.16"]
[Round "?"]
[White "Sossi, M"]
[Black "Czerniecki, T"]
[Result "1-0"]
[WhiteElo "1483"]
[BlackElo "1995"]
[PlyCount "83"]
[EventDate "1999.??.??"]

1. e4 g6 2. d4 Bg7 3. Nf3 d6 4. Bc4 Nf6 5. e5 dxe5 6. Nxe5 { } 6... O-O 7. O-O
c6 8. c3 8... Nbd7 { } 9. f4 {Grabs space and maybe f5 is coming!} 9... Qb6 10.
Qb3 {White shouldn't offer Queen trade with such a fine position.} 10... e6 {
defending, but the Queenside won't develop naturally.} 11. Nd2 ({
Trying too hard with} 11. Nxf7 $6 { } {with the idea} 11... Rxf7 $2 ({Simply} 
11... Qxb3 12. Bxb3 12... Kxf7 {wins a clean piece}) 12. Bxe6 Qxb3 13. Bxb3 {
Gets 2 pawns and Rook for 2 pieces, but allows too many trades and Black's
minor pieces become active.}) 11... Nxe5 12. fxe5 12... Ng4 $2 { The Knight
will waste moves getting to a good position. Ne8 after which Black could free
Queenside} (12... Qxb3 13. Bxb3 Ne8 14. Ne4 14... b6 { }) 13. Qxb6 axb6 14. Ne4
Nh6 15. h3 Nf5 16. g4 Ne7 17. Nd6 17... h6 { } 18. Be3 Nd5 19. Bd2 { White has
space, but Black's position is solid enough. Black could try f6 before White
has time to consolidate on the f-file.} 19... c5 (19... f6 20. Bxd5 exd5 21.
exf6 Rxf6 22. Rxf6 Bxf6 23. Bxh6 { White has an extra Pawn, however.} 23... Be7
) 20. a3 Rb8 21. Rf3 { White has all the play and begins to stack up on f7.}
21... Bd7 22. Raf1 Be8 23. Bxd5 exd5 24. Be1 { } 24... b5 25. Bh4 {
threatening Be7} 25... g5 26. Bg3 cxd4 27. cxd4 b6 28. h4 { } 28... Ra8 {
To activate Rook, but it's too late} 29. hxg5 hxg5 30. Be1 {
threatening Bb4, then Nf5.} 30... Ra7 31. Bb4 31... Bd7 {
Giving Rook at f8 space, but undermining f7.} 32. Rxf7 Rxf7 33. Rxf7 Rc7 34.
Bc3 34... Bf8 { undermining Rook} 35. e6 $1 {A nice find. Rf2 is simple.} 35...
Bxd6 (35... Rxc3 $2 36. bxc3 36... Bxe6 {seems to win a piece, but} 37. Rf6 {
wins}) 36. exd7 { } 36... Kxf7 37. d8=Q Bf4 38. Qxd5+ Kg7 39. Qxb5 Rf7 40. Qd3
{ } 40... b5 41. d5+ Kf8 42. d6 {White scored a nice upset!} 1-0

[Event "LeoBurn-Alumni Aces"]
[Site "?"]
[Date "1999.12.16"]
[Round "?"]
[White "Bannon, B"]
[Black "Frank, M"]
[Result "0-1"]
[WhiteElo "1173"]
[BlackElo "1812"]
[PlyCount "72"]
[EventDate "1999.??.??"]

1. e4 e6 2. Nf3 d5 3. exd5 exd5 4. d4 Nf6 5. Nc3 Bg4 6. Bd3 Nc6 7. Be3 Bb4 8.
h3 8... Bh5 { } 9. g4 Bg6 10. Bxg6 hxg6 11. Qd3 { } 11... Nxg4 $1 {
since Rh1 is undefended} 12. O-O-O Nxe3 13. Qxe3+ { } 13... Be7 14. Rde1 14...
O-O { threat: Bg5 pinning Q} 15. h4 15... Re8 { taking aim at the Queen} 16. h5
$1 {It's usually bad to allow your opponent a discovery. Here, however, Be7
hasn't much to attack.} 16... g5 (16... Bg5 $2 17. Qxg5) (16... Bf6 17. Qd3
17... Nb4 $2 18. Qb5) 17. h6 $1 17... g4 {
Now if White moves the Knight from f3, Bg5 pins Queen.} (17... gxh6 18. Rxh6
Bf8 19. Qxe8 (19. Qxg5+ $2 19... Qxg5+ 20. Nxg5 Bxh6) 19... Qxe8 20. Rxe8 Rxe8
21. Rh1 {and White will win d- or g-Pawn.}) 18. hxg7 { } 18... Bg5 $2 {
Black still can't do this!} (18... gxf3 $4 19. Qh6 19... f6 { } 20. Qh7+ Kf7
21. g8=Q#) 19. Rh8+ $2 (19. Qxg5 $1 19... Rxe1+ (19... gxf3 $4 20. Rh8#) (19...
Qxg5+ 20. Nxg5 { White is a piece up} 20... f6 21. Ne6) 20. Rxe1 { } 20... gxf3
21. Qh6 {Material is even, but the g-passer forces immediate mates.} 21... f6
22. Rh1 $1 {threatening the Qh7+ combo again (see note to the 18th move).}
22... Kf7 23. Qh5+ { } 23... Kxg7 (23... Ke7 24. Re1+ Kd7 (24... Kd6 25. Nb5+
Kd7 26. Qf5#) 25. Qf5+ Kd6 26. Nb5#) 24. Rg1+ Kf8 25. Qh8+ Ke7 26. Rg7+ { }
26... Kd6 (26... Ke6 27. Qh3+ {and mate next move.}) 27. Nb5+ Ke6 28. Qh3+ f5
29. Qh6+ Qf6 30. Rg6) 19... Kxg7 { Now White has 3 pieces hanging!!} 20. Rxe8
Bxe3+ 21. R1xe3 Qxe8 22. Rxe8 22... Rxe8 { } 23. Ne5 {trades make Black's job
easier, but Nf3 had no future anyhow. Black's exact play shows that White
should resign here.} 23... Nxe5 24. dxe5 Rxe5 25. Kd2 c6 26. b4 f5 27. Ne2 { }
27... Rxe2+ $1 {Very nice, Black realizes the Pawn ending is simple.} 28. Kxe2
Kf6 29. f4 gxf3+ 30. Kxf3 Ke5 31. Ke3 b6 32. a4 a5 33. bxa5 bxa5 34. c3 c5 35.
Kf3 35... d4 { } 36. c4 f4 0-1

[Event "Chargers-Pawns"]
[Site "?"]
[Date "2000.01.13"]
[Round "?"]
[White "Warren, J"]
[Black "Jakstas, K"]
[Result "1/2-1/2"]
[WhiteElo "2110"]
[BlackElo "2148"]
[PlyCount "43"]
[EventDate "2000.??.??"]

1. d4 d5 2. c4 dxc4 3. Nf3 Nf6 4. e3 Bg4 5. Bxc4 e6 6. O-O Nbd7 7. h3 Bh5 8.
Nc3 Bd6 9. e4 e5 10. d5 O-O 11. Bg5 h6 12. Bh4 a6 13. Qe2 b5 14. Bb3 Nc5 15.
Bc2 b4 16. Na4 g5 17. Nxc5 Bxc5 18. g4 Bg6 19. Bg3 Re8 20. Nxe5 Qd6 21. Kg2
Rxe5 22. f3 1/2-1/2

[Event "Pawns-Chargers"]
[Site "?"]
[Date "2000.01.13"]
[Round "?"]
[White "Ellice, W"]
[Black "Marcowka, B"]
[Result "0-1"]
[WhiteElo "1911"]
[BlackElo "2008"]
[PlyCount "132"]
[EventDate "2000.??.??"]

1. d4 Nf6 2. Nf3 d6 3. Bf4 Bg4 4. h3 Bxf3 5. exf3 Nbd7 6. Be2 e5 7. dxe5 Nxe5
8. Nc3 Be7 9. Nd5 Ng6 10. Bg3 Nxd5 11. Qxd5 c6 12. Qd2 O-O 13. O-O Qb6 14. c3
Rad8 15. a4 a5 16. Rfe1 Qc5 17. Bd3 Bf6 18. Rac1 Ne5 19. Bb1 g6 20. b4 Qa7 21.
Qf4 Bg7 22. Red1 axb4 23. Qxb4 c5 24. Qb5 Bh6 25. f4 Nc6 26. Be4 Na5 27. c4 Qa6
28. Bd5 Bg7 29. Bh4 Qxb5 30. cxb5 Rd7 31. Re1 Rc8 32. Re7 Rxe7 33. Bxe7 Bf8 34.
Bf6 c4 35. Bc3 Nb3 36. Re1 b6 37. Re4 Nc1 38. Re1 Nd3 39. Re4 Rc5 40. Bc6 f5
41. Re8 Nxf4 42. Bd4 c3 43. Bxc5 dxc5 44. Re1 Nd3 45. Re2 Nb4 46. Bd7 c2 47.
Be6+ Kg7 48. Re1 Nd3 49. Rf1 Kf6 50. Bc4 c1=Q 51. Rxc1 Nxc1 52. f4 Bd6 53. g3
g5 54. fxg5+ Kxg5 55. Kf2 f4 56. g4 Kh4 57. Kg2 h6 58. Bf1 Na2 59. Bd3 Nc3 60.
Bc2 Nd5 61. Kf3 Kxh3 62. Ke4 Nf6+ 63. Kf3 c4 64. Bf5 Kh4 65. Be6 c3 66. Bf5
Nxg4 0-1

[Event "Chargers-Pawns"]
[Site "?"]
[Date "2000.01.13"]
[Round "?"]
[White "Radavicius, E"]
[Black "Mikulecky, B"]
[Result "1/2-1/2"]
[WhiteElo "1617"]
[BlackElo "1470"]
[PlyCount "42"]
[EventDate "2000.??.??"]

1. e4 e5 2. Bc4 Nc6 3. Nf3 Bc5 4. O-O d6 5. h3 Nf6 6. d3 h6 7. a3 a5 8. Nc3 Ne7
9. Ba2 c6 10. Nh2 d5 11. exd5 cxd5 12. Kh1 O-O 13. Qe2 Ng6 14. f3 Nh5 15. Qe1
Qh4 16. Ne2 Qxe1 17. Rxe1 Ne7 18. Ng4 Bxg4 19. fxg4 Nf6 20. Bd2 Nh7 21. Rf1 b6
1/2-1/2

[Event "Pawns-Chargers"]
[Site "?"]
[Date "2000.01.13"]
[Round "?"]
[White "Lasky, N"]
[Black "Stamm, V"]
[Result "1/2-1/2"]
[WhiteElo "1381"]
[BlackElo "1548"]
[PlyCount "67"]
[EventDate "2000.??.??"]

1. e4 b6 2. d4 Bb7 3. Nc3 3... Nf6 { } 4. d5 (4. Bd3 {
develops and doesn't advance Pawn to where it can be attacked}) 4... e6 5. dxe6
fxe6 6. Bd3 Be7 7. Nf3 O-O 8. O-O 8... d5 { } 9. exd5 (9. e5 {
gives Black a nice center after eventual -c5}) 9... exd5 10. h3 c5 11. Re1 Nc6
12. Ng5 Qd6 13. Nb5 { } 13... Qd7 (13... Qb8 {trying to control nice diagonal}
14. g3 a6 15. Bf4 { } 15... Qc8 (15... Qe8 16. Nc7) 16. Nc7 Ra7 17. Nce6 {
and after Bf5 White has more play than in game}) 14. c3 {
taking away Knight's natural square} (14. Bf4 {sets up Nc7-e6} 14... Rac8 15.
Bh2 15... a6 {Black's position is more promising}) 14... d4 (14... a6 15. Na3
15... Bd6 {sets up Ne5, Qc6 with threats to g2. If} 16. Ne6 Rfe8 17. Bf5 17...
Ne5 $1 {Ignoring attack against Queen as Bishop at f5 is unprotected} (17...
Qf7 18. Ng5 {harasses Queen}) 18. Nd4 Qc7 19. Ne6 19... Qc6 {
and Black has a dream position}) 15. Qc2 15... h6 { } 16. Nh7 Ne8 (16... Nxh7
17. Bxh7+ 17... Kh8 {Black still has better game} 18. Qg6 Rf6) 17. Nxf8 Bxf8
18. Bh7+ 18... Kh8 { } 19. Qg6 19... Nf6 {seems to win Bishop} 20. Qf5 $1 20...
Qf7 21. Bg6 21... Qc4 { } 22. Nc7 {now things get wild} 22... Rd8 (22... Rc8
23. Ne6 (23. Bf4 $2 23... Ne7 24. Qc2 24... d3 $1 {winning Bishop at f4}) 23...
Ne7 $1 24. Qc2 Nxg6 25. Qxg6 25... Re8 { wins Knight or exchange}) 23. Ne6
23... Bc8 $1 24. Qf3 $1 { } 24... Bxe6 25. Qxc6 Bd5 26. Qc7 { } 26... Ra8 (
26... Rd7 27. Qc8 Kg8 28. Bf5 28... Rf7 { } 29. Bd2 {idea b3,c4 then Be6}) 27.
Bf4 { } 27... d3 (27... dxc3 28. Be5 (28. Rac1 Qxa2) (28. Rec1 28... cxb2 $1
29. Rxc4 bxa1=Q+) 28... cxb2 29. Bxb2 29... Ne4 {
Black has problems defending against Qg7#}) 28. Be5 { } 28... d2 29. Red1 Ne4
30. Bxe4 Qxe4 31. f3 31... Qg6 { } 32. Kh2 $1 {
DRAWN HERE, but White can win Pawn at d2, then cause trouble up the d-file} (
32. Rxd2 Bxf3) 32... Qc2 33. Qd7 Bc4 34. Rxd2 1/2-1/2

[Event "Chargers-Pawns"]
[Site "?"]
[Date "2000.01.13"]
[Round "?"]
[White "Thomas, J"]
[Black "Logan, H"]
[Result "1-0"]
[WhiteElo "1564"]
[BlackElo "1222"]
[PlyCount "122"]
[EventDate "2000.??.??"]

1. e4 e5 2. Nf3 d6 3. d4 f6 4. Bb5+ c6 5. Ba4 Qa5+ 6. Nc3 b5 7. Bb3 b4 8. Ne2
Bg4 9. Bd2 Bxf3 10. gxf3 Qb6 11. dxe5 dxe5 12. Be3 c5 13. Bd5 Nc6 14. Qd3 Rd8
15. Qb3 Nge7 16. Bf7+ Kd7 17. O-O-O+ Kc7 18. Rxd8 Kxd8 19. Rd1+ Kc7 20. Be6 Ng6
21. h3 Nh4 22. a3 Bd6 23. Rg1 Re8 24. Rxg7+ Kb8 25. Bd5 Qa6 26. Bc4 Qb6 27. Qa4
Qa5 28. Qb5+ Qxb5 29. Bxb5 Bc7 30. Rxh7 Kb7 31. Bxc5 Rg8 32. Ng3 a6 33. Bxc6+
Kxc6 34. Bxb4 Bb6 35. Be1 Kb5 36. c3 Kc5 37. Rb7 Nxf3 38. Kd1 Rd8+ 39. Ke2 Nh2
40. f3 Rh8 41. Rf7 Rh6 42. b3 a5 43. Rd7 Kc6 44. Rd5 Rh8 45. Bf2 Rg8 46. Bxb6
Rxg3 47. Bxa5 Rg2+ 48. Ke3 Ra2 49. Bb4 Nf1+ 50. Kd3 Rb2 51. Rc5+ Kb6 52. Kc4
Nd2+ 53. Kd5 Nxf3 54. Rc6+ Kb5 55. Rxf6 Rd2+ 56. Ke6 Rf2 57. Be7 Kc6 58. c4
Ng5+ 59. Kxe5+ Rxf6 60. Bxf6 Nf7+ 61. Kd4 Nd6 1-0

[Event "?"]
[Site "?"]
[Date "1999.??.??"]
[Round "?"]
[White "temp"]
[Black "?"]
[Result "1-0"]
[WhiteElo "1443"]
[BlackElo "1208"]
[PlyCount "57"]
[EventDate "1999.??.??"]

1. e4 e5 2. Nf3 Nc6 3. Bc4 Nf6 4. d3 d6 5. h3 h6 6. c3 Be7 7. Bb3 7... Be6 { }
8. Bc2 d5 9. exd5 Qxd5 10. O-O O-O 11. Re1 Rfd8 12. Nbd2 { } 12... b5 13. a3
Bc5 14. b4 Bb6 15. Nf1 a6 16. Ne3 Qd6 17. Bb2 { } 17... Nd5 18. d4 Nxe3 19.
fxe3 Bd5 20. e4 20... Bc4 { } 21. a4 {
Bl has excellent piece placement and pressure against Pawn at d4.} 21... Qf6 {
adding pressure to Qd1 from Rook at d8.} 22. a5 Ba7 23. Kh1 23... exd4 { } 24.
e5 (24. cxd4 24... Nxb4 {with c5 coming, Black will break up center} 25. Bb1 (
25. Bb3 $2 25... Nd3) 25... c5 { } 26. e5 (26. d5 $2 26... Qxb2) 26... Qc6)
24... Qf4 {an unsafe square!} (24... Nxe5 $1 25. Nxe5 25... dxc3 {
Discovering Rd8 attack on Q and attacking Bb2!}) 25. Re4 Qf5 (25... dxc3 26.
Qxd8+ Rxd8 27. Rxf4 27... cxb2 {might still be OK for Black}) (25... Qg3 26.
Qg1 { Rg4 trapping Queen} 26... dxc3 $1) 26. cxd4 { } 26... Nxd4 (26... Nxb4)
27. Bb1 (27. Rxd4 Rxd4 28. Bxd4 {White has won a piece}) 27... c5 (27... Nb3 {
wins an exchange} 28. Rd4 {attacking Queen} 28... Rxd4 $1 {
attacking Queen in return}) 28. Rg4 (28. Rxd4 Rxd4 29. Bxd4 {
still works as at previous move}) 28... Bd3 $2 { } 29. Bxd3 1-0